Estatísticas para Traduções Inglesas de Músicas Brasileiras

Clique aqui para jogar o quiz

Estatísticas Gerais

  • Esse quiz foi jogado 256 vezes
  • A pontuação média é 4 de 15

Estatísticas das Respostas

InglêsPortuguês% Correto
Saturday in the club / The guys started to dance / And the prettiest girl passed by / I got courage and I started to talkAi Se Eu Te Pego
86%
Even the gringo danced samba, it's up to Neymar it's a goal!País do Futebol
69%
Sun, beach, bikini, indulgence / I open a cold one just to refreshCaraca. Muleke!
53%
She came hot, today I am boiling / She came hot, today I am boilingBaile de Favela
43%
When I'm annoyed, she wants a kiss on the lips / If I'm cold, she takes off my clothesEssa Mina É Louca
40%
Look of a diamond / She wraps us, she fascinates us / She shakes the room / She shakes tastily / Shaking even the floorGlamurosa
22%
Raise that head, place your foot and go in faith / Send that sadness right away / It's enough to believe that a new day will break / Your time will come!Tá Escrito
22%
In the morning, abandoned, and you don't pick up your cell phone / Poking fun, full of arrogance / Thinking that I'm going to forgiveTremendo Vacilão
17%
You like to demand / You only make me suffer / You only know how to yell / And you yell without knowing itCachorrinho
14%
I could write a thousand songs just for you / I could tell you my reasons for liking you so much / Tell me when we're going to see each otherPlanos Impossíveis
13%
Cat, join me, later there's a party / I want to have fun with you in the morning / Dance, skip to when the sun comes outBalada Boa
8%
I wanted to love, but I was afraid / I wanted to save my heart / But love knows a secret / Fear can kill your heartÁgua de Beber
5%
I told you that I was innocent, baby / And I wasn't that man that you said I was / But your jealousy in your ear put cottonNão Me Toca
5%
Only the priveleged have a sound equal to yours / I possess only what God gave meDesafinado
3%
Since when you're alone you call all the time / You're missing care and you cry of longing / Accept at once that crazy desire / To love meTarde Demais
1%

Distribuição das Pontuações

Percentil de Números Respondidos

Porcentagem de Pessoas com Cada Pontuação

Sua Pontuação Histórica

Você não jogou esse quiz